000 00515nam a2200217Ia 4500
003 OSt
005 20220924133823.0
006 a|||||r|||| 00| 0
007 ta
008 220923b |||||||| |||| 00| 0 snd d
024 _a269153
037 _cTextual
040 _aARTS
_cARTS
_bsnd
041 _2snd
_asnd
082 _aO1593,2, M1
100 _aSukwani
_9206477
245 0 _aChar gul gulab ja
260 _c1981
942 _hO1593,2, M1
_cTEXL
_2CC
999 _c435414
_d435414